000 00354nam a22001577a 4500
020 _a81-86321-63-2
041 _aENG
100 _aOJha.T.P.
245 _aPrinciples Of Agricultural Engineeing Vol 1
250 _aFourth Ed
260 _aNew Delhi
_bJain Brothers
_c1998
300 _a623
650 _aFMP
700 _aMichael.A.M
856 _uFMP
999 _c411
_d411